000 00590nam a22001937a 4500
001 8105
003 BD-RjUL
005 20211208234526.0
008 140116s1969 xxuo|||| |||| 00| 0 eng d
035 _a(BD-RjUL)8150
040 _aBD-RjUL
_beng
_cBD-RjUL
041 _aeng
082 0 0 _bPRO 1969
_a330.9438
245 1 0 _aProblems of the Polish co-operative movement
_cCentrala Rolnicza Spółdzielni "Samopomoc Chłopska".
260 _aWarsaw :
_bPubl. House of the CAU,
_c1969.
300 _a108 s., 11 k. tabl. :
_bil. ;
_c23 cm.
650 0 _aCo-operation
_zPoland
_927677
942 _2ddc
_cBK
999 _c8105
_d8105